000
00282nam a22001337a 4500
008
170913b xxu||||| |||| 00| 0 eng d
020
_a
9780471429487
041
_a
eng
080
_a
53
100
_a
43
101
_a
FIZ
245
_a
PHYSICS MATTERS
_c
TREFIL,J
942
_2
udc
_c
BK
999
_c
27472
_d
27472